| 000 | 00790nam a2200193 i 4500 | ||
|---|---|---|---|
| 001 | 101444 | ||
| 003 | ES-MaACL | ||
| 005 | 20250810063032.0 | ||
| 007 | t| | ||
| 008 | 051018s1971 sp ||||1| spa d | ||
| 100 | 1 |
_aMazón de la Torre, María Ángeles, _d1916- _979488 |
|
| 245 | 1 | 4 |
_aLas partidas de bautismo de Eugenio Cajés, de Félix Casteló, de los hermanos Rizzi y otras noticias sobre artístas de la 1ª mitad del siglo XVII / _cMaría A. Mazón de la Torre. |
| 260 |
_aMadrid : _bInstituto Diego Velázquez, _c1971. |
||
| 300 |
_a7 h. ; _c27 cm. |
||
| 500 | _aEs tirada aparte de "Archivo Español de Arte".- 1971, Nº. 176. Pág.- 413-425. | ||
| 710 | 2 |
_aInstituto Diego Velázquez. _95021 |
|
| 852 |
_aES-MaACL _j2076-F-29 _bR.81410 |
||
| 999 |
_c101444 _d101444 |
||